000 00764nam a2200229Ia 4500
005 20230506112102.0
008 210716s2008 xx 000 0 und d
020 _a9788126508037
040 _cAIMIT LIBRARY
041 _aeng
082 _a004.6005
_21
_bKNUC
100 _aKnuckles, Craig D.
_999279
245 _aWeb applications :
_bconcepts and real world design /
_cBy Craig D Knuckles and David S Yuen.
250 _a1st ed.
260 _aNew Delhi ;
_bWiley India ,
_c2006.
300 _axix,833p. ;
_bPB
_c23 cm.
650 _aIntroduction to web applications
_999280
650 _aProcessing on the front end
_999281
650 _aRegular expressions and matching
_999282
700 _aYuen, David S.
_999283
942 _2ddc
_cBK
_e1st
_k004.6005 KNUC
999 _c189365
_d189365